Úloha učenia v rozumovom vývine a formovaní všeobecných intelektových schopností detí predškolského veku

Bibliographic Details
Main Author: Venger, L.A (Author)
Format: Article
Language:Slovak
Subjects:

MARC

LEADER 00000nab a2200000 a 4500
001 vtls000087773
003 SK-MaSNL
005 20260304065103.0
008 250422c19801981xo 0 slo
015 |a SNBRB19rr/mm-uuuuu 
035 |a CL0097876 
035 |a urn:nbn:sk:snk-abba06 
035 |a (urnnbn)urn:nbn:sk:snk:ar-002wsg 
035 |a (uuid)69e26f48-ecef-44ad-b61b-2f0471b44ebf 
040 |a SNKBUCL  |b slo  |c SNKBUCL  |e AACR2 
041 0 |a slo 
044 |a xo  |c SK 
080 |a 159.92  |2 1981 
080 |a 159.94/.95  |2 1981 
100 1 |a Venger, L.A.  |4 aut  |9 1353699 
245 1 0 |a Úloha učenia v rozumovom vývine a formovaní všeobecných intelektových schopností detí predškolského veku  |c L.A. Venger 
650 0 7 |a deti predškolského veku  |2 snkbucl  |9 4103 
655 7 |a články z novín a časopisov  |2 snkbucl  |9 267496 
773 0 |t Predškolská výchova  |g Roč. 35, č. 6 (1980/1981), s. 21-23 
850 |a Slovenská národná knižnica 
852 |a Slovenská národná knižnica 
954 |a odborná, vedecká literatúra pôvodná (slovenská)  |2 lita 
958 |a article15 
958 |a RK 
958 |a OND 
958 |a EUIPO 
992 |a RBX 
999 |c 2749248  |d 2751178